Neurónové siete so zníženou presnosťou čísel

Salvato in:
Dettagli Bibliografici
Autore principale: Belák, Andrej (Autore)
Altri autori: Kohútka, Lukáš (Relatore della tesi)
Natura: Manoscritto Libro
Lingua:slovacco
Pubblicazione: 2021
Soggetti:
Accesso online:http://is.stuba.sk/zp/portal_zp.pl?podrobnosti=154345
Tags: Aggiungi Tag
Nessun Tag, puoi essere il primo ad aggiungerne!!

MARC

LEADER 00000ntm a22000003a 4500
001 stuzp85436
003 SK-STU
005 20210626212207.0
007 ta
008 150427s2015----xo-----f-mn---000-0-slo-d
040 |a STU  |b slo 
041 0 |a slo 
100 1 |a Belák, Andrej  |u 070200  |4 aut  |U FIIT Fakulta informatiky a informačných technológií  |T FIIT Ústav informatiky, informačných systémov a softvérového inžinierstva  |X 96668  |U I200  |Y 179  |7 96668 
242 0 1 |a Neural network with lower arithmetic precision  |y eng 
245 1 0 |a Neurónové siete so zníženou presnosťou čísel 
260 |c 2021 
650 4 |a Strojové učenie  |2 slo 
650 4 |a Neurónová sieť  |2 slo 
650 4 |a Kvantizácia  |2 slo 
650 4 |a Neural network  |2 eng 
650 4 |a Quantization  |2 eng 
650 4 |a Machine learning  |2 eng 
700 1 |a Kohútka, Lukáš  |u 070200  |k Z1  |4 ths  |U FIIT Fakulta informatiky a informačných technológií  |T FIIT Ústav informatiky, informačných systémov a softvérového inžinierstva  |X 5813  |U I200  |Y 179  |7 A000005813 
856 4 |u http://is.stuba.sk/zp/portal_zp.pl?podrobnosti=154345